| 000 | 00445nam a2200193Ia 4500 | ||
|---|---|---|---|
| 008 | 180207s9999 xx 000 0 und d | ||
| 020 | _a9780545130103 | ||
| 050 | _bD621 2009 | ||
| 100 | _aDixon, Dougal | ||
| 245 | _aDragons : | ||
| 245 | _bface to face/ | ||
| 245 | _cDougal Dixon. | ||
| 260 | _aNew York : | ||
| 260 | _bScholastic, | ||
| 260 | _c2009 | ||
| 300 | _a48 pages : | ||
| 300 | _bcolor illustration ; | ||
| 300 | _c29cm. | ||
| 999 |
_c355392 _d355392 |
||